000 00350nam a2200157Ia 4500
100 _aDr.Satish chandra
650 _aPhilosophy
942 _cBK
366 _f25
654 _awomen
245 _aSome Outstanding women of India
260 _bBetter Yourself Books
_aBandra
_c2006
082 _a170/SAT
_bSAT
300 _a207
546 _aENGLISH
999 _c22871
_d22871